| 000 | 00604nam a2200241 a 4500 | ||
|---|---|---|---|
| 999 |
_c5279 _d5279 |
||
| 001 | 5279 | ||
| 003 | BD-JhCC | ||
| 005 | 20171213084832.0 | ||
| 008 | 171211s1987 i |||| ||a| 001 0 eng d | ||
| 020 | _a0534067867 | ||
| 035 | _a(BD-JhCC) 5279 | ||
| 040 |
_aBD-JhCC _dBD-JhCC |
||
| 041 | _aeng | ||
| 082 |
_a330.9 _bCAN 1987 |
||
| 100 | _aCanterbery, E.Ray | ||
| 245 |
_aThe Making of Economics / _cE.Ray Canterbery |
||
| 250 | _a3rd ed. | ||
| 260 |
_aAmerica : _bWadsworth Publishing Company , _c1987 |
||
| 300 |
_a416 p .: _c21 cm . |
||
| 650 | _aEconomics | ||
| 942 |
_2ddc _cBK |
||